LEADER 00999nam a2200241 u 4500 001 000000082812 003 CaOOAMICUS 005 20070226123913.0 008 050420s1952 it u000 u ita u 035 $a11040907 040 $aPUL(R)$bita 100 1 $aMiegge, Giovanni,$d1900-1961.$0(OLS)http://pul/name/16376 245 10$aPer una fede /$cGiovanni Miegge. 260 $aMilano :$bEdizioni di Comunità,$c1952. 300 $axv, 230 p. ;$c23 cm 504 $aBibliografia in nota. 650 4$aFede.$0(OLS)http://pul/subject/668 850 $aPUL 852 $aPUL$W1$xDP1 Fondo Cecchetti$y53$m261 E 41$j105453$nBK-PRI$b $qFondi$B105453$CPULBib$Z2$F105453 $HPUL8823 $81 852 $aPUL$W1$xDP1 Fondo Dalla Palma$y117$m3 E 80$j171541$qFondi$B195602$CPULBib$Z2$F195602 $HDal1934 $81 941 1 $a1 996 $6245$aPer una fede$9(OLS)http://pul/title/108114 996 $6260$aMilano :$bEdizioni di Comunità$9(OLS)http://pul/publisher/48252 LEADER 01174nam a2200277 a 4500 001 000000154677 003 CaOOAMICUS 005 20161005125642.0 008 161005s1965 it u000 u ita u 032 $aLibriCat 035 $a10903189 040 $aPUL$bita 100 1 $aSturzo, Luigi,$csac.,$d1871-1959.$0(OLS)http://pul/name/5972 245 10$aItalia e fascismo (1926) /$cLuigi Sturzo. 260 $aBologna :$bZanichelli,$c1965. 300 $axii, 307p. ;$c24 cm. 490 1 $aOpera omnia di Luigi Sturzo.$aI serie, Opere ;$v01 650 4$aFascismo$zItalia$xStoria.$0(OLS)http://pul/subject/3600 830 0$aOpera omnia di Luigi Sturzo.$nI serie,$pOpere ;$v01.$0(OLS)http://pul/title/21258 850 $aPUL 852 $aPUL$W1$xDP1 Fondo G. Barberini$y122$m9 A 3$j44519$qFondi$B180754$CPULBib$Z2$F180754 $HBar229 $81 852 $aPUL$W1$xDP1 Fondo De Girolamo$y124$m1 C 31.1.1$j193791$b2. copia$qFondi$B199180$CPULBib$Z2$F199180 $81 941 1 $a1 996 $6245$aItalia e fascismo (1926)$9(OLS)http://pul/title/194306 996 $6260$aBologna :$bZanichelli$9(OLS)http://pul/publisher/48255